Uplatňovanie daňových strát u mikrodaňovníka

Vysvetlenie pojmu mikrodaňovník. Možnosti odpočtu daňovej straty u mikrodaňovníka. Príklady odpočtov daňových strát.

Saved in:
Bibliographic Details
Main Author: Kolembus, Anton
Format: Book Chapter
Language:Slovak
Subjects:
Tags: Add Tag
No Tags, Be the first to tag this record!

MARC

LEADER 00000naa a2200000 4500
001 0280390
005 20240417075148.8
041 0 |a slo 
044 |a SK 
245 1 0 |a Uplatňovanie daňových strát u mikrodaňovníka  |c Anton Kolembus 
520 |a Vysvetlenie pojmu mikrodaňovník. Možnosti odpočtu daňovej straty u mikrodaňovníka. Príklady odpočtov daňových strát. 
610 2 0 |a strata daňová 
610 2 0 |a dane z príjmov 
610 2 0 |a daňovníci 
610 2 0 |a odpočet straty 
610 2 0 |a základ dane 
610 2 0 |a podnikanie 
610 2 0 |a osoby fyzické 
610 2 0 |a osoby právnické 
610 2 0 |a zákony 
100 1 |a Kolembus, Anton